000 01065nam a2200397 a 4500
003 AR-BaBNM
005 20251128204740.0
008 082120s2002 ||||||||||||||000 | spa||
040 _cAR-BaBNM
245 0 0 _aEl barroco español
_bantología
260 _aBuenos Aires
_bColihue
_c1981
300 _a88 p.
490 0 _aLeer y crear
_vv. 31
500 _aContiene índice general
500 _aPropuestas de trabajo para los alumnos
500 _aBiografía del autor
504 _aBibliografía del autor y de la obra
650 4 _aLITERATURA
650 4 _aCULTURA
650 4 _aHUMANIDADES
650 4 _aMATERIAL DIDACTICO
650 4 _aEDUCACION
650 4 _aAUTORES
650 4 _aTEATRO
651 4 _aEspaña
653 _aEDUCACION SECUNDARIA
653 _aBARROCO
655 _aLITERATURA
700 1 _aQuevedo y Villegas, Francisco de
700 1 _aCalderón de la Barca, Pedro
700 1 _aGracián, Baltasar
700 1 _aGóngora, Luis de
800 1 _aPetruzzi, Herminia
_edirector
942 _cBK
998 _cisola
999 _c8668
_d8668